C-band gain-clamping EDFA by passive reflection from multiple FBGs /
Saved in:
| 主要作者: | |
|---|---|
| 格式: | Thesis 圖書 |
| 語言: | English |
| 出版: |
2005.
|
| 主題: | |
| 標簽: |
添加標簽
沒有標簽, 成為第一個標記此記錄!
|
| LEADER | 00853cam a2200241 a 4500 | ||
|---|---|---|---|
| 001 | u727735 | ||
| 003 | SIRSI | ||
| 005 | 200609200855 | ||
| 008 | 060920s2005 my t 000 0 eng m | ||
| 040 | |a UMM | ||
| 090 | |a QC3 |b UM 2005 Hao | ||
| 100 | 1 | 0 | |a Haoken, Huoermaiti. |
| 245 | 1 | 0 | |a C-band gain-clamping EDFA by passive reflection from multiple FBGs / |c Huoermaiti Haoken. |
| 260 | |c 2005. | ||
| 300 | |a vii, 127 leaves : |b ill. ; |c 30 cm. | ||
| 502 | |a Dissertation (M.Sc.) -- Jabatan Fizik, Fakulti Sains, Universiti Malaya, 2006. | ||
| 504 | |a Bibliography: leaves 117-118. | ||
| 650 | 0 | |a Feedback amplifiers. | |
| 650 | 0 | |a Optical amplifiers. | |
| 650 | 0 | |a Automatic gain control. | |
| 710 | 2 | 0 | |a Universiti Malaya. |b Jabatan Fizik. |
| 596 | |a 1 | ||
| 999 | |a QC3 UM 2005 HAO |w LC |c 1 |i A512579570 |d 12/2/2007 |f 12/2/2007 |g 1 |l STACKS |m P01UTAMA |r Y |s Y |t TESIS |u 12/2/2007 | ||
